00936nam a2200253 ia450000500170000000800410001702000380005804000250009608200150012110000360013624501430017226400490031530000460036433600210041033700250043133800230045649000260047950000360050565000270054165000260056870000300059470000330062483000250065720250923124752.0250923s2025 my a jr 000 0 may d a9789672722533cRM39.00qpaperback aPPAKbengcPPAKerda04223a297.180 aAniza Anis Sallihudin,eauthor.10aNABI IDRIS A.S. MELAWAT NERAKA DAN SYURGA :bDAN CERITA-CERITA LAIN /cAniza Anis Sallihudin ; Editor: Nor Azlin Japar, Norul Azila Arifin 1aBemban, Melaka :bPUSTAKA ILHAM PADU, c2025 a64 pages :bcolour illustrations ;c21 cm atext2rdacontent aunmediated2rdamedia avolume2rdacarrier1 aSIRI KISAH-KISAH NABI aContains verses from the Qur'an10aIslamic stories, Malay20aProphets in the Koran0 aNor Azlin Japar,eeditor.0 aNorul Azila Arifin,eeditor. 0aSiri kisah-kiah nabi